Paesi nominati nella pagina Wikipedia della Corea del Nord - Statistics

Statistiche generali
  • Questo quiz è stato fatto 25 volte
  • Il punteggio medio è 16 su 26
Statistiche sulle risposte
Volte in cui viene nominato
Indizio (basato sul motivo per cui lo stato è nominato nella pagina Wikipedia)
Paese % Corretto
28 Paese confinante Corea del Sud
100%
7 Paese confinante Russia
100%
17 Paese che occupò la penisola coreana assieme all'Unione Sovietica dopo la seconda guerra mondiale Stati Uniti
100%
19 Paese confinante Cina
95%
15 Paese che controllò la Corea tra 1910 e 1945 Giappone
90%
3 La Corea del Nord è grande circa un terzo di questo paese Italia
86%
1 Le forze armate nordcoreane sono le quarte più grandi al mondo, dopo quelle di questo paese India
71%
2 Tra i pochi paesi in buoni rapporti con la Corea del Nord Iran
71%
1 Uno degli unici due paesi classificati peggio secondo il Democratic Index Afghanistan
67%
1 Ai mondiali 2010 la Corea del Nord affrontò la nazionale di questo paese Brasile
62%
1 La nazionale nordcoreana si qualificò per i mondiali del 2010 tenutisi in questo paese Sudafrica
62%
2 Tra i pochi paesi in buoni rapporti con la Corea del Nord Vietnam
62%
2 Questo paese, stretto alleato degli USA, ha cattivi rapporti con la Corea del Nord Canada
57%
1 Tra i pochi paesi in buoni rapporti con la Corea del Nord Cuba
57%
2 Tra i pochi paesi in buoni rapporti con la Corea del Nord Laos
57%
2 Ai mondiali di calcio del 1966 la nazionale nordcoreana raggiunse i quarti di finale, dove venne sconfitta da questo paese Portogallo
57%
1 Tra i pochi paesi in buoni rapporti con la Corea del Nord Siria
57%
1 Uno degli unici due paesi classificati peggio secondo il Democratic Index Myanmar
52%
1 Tra i pochi paesi in buoni rapporti con la Corea del Nord Cambogia
48%
1 Nel 2016 la Corea del Nord vinse il mondiale femminile under 20 di calcio sconfiggendo in finale questo paese Francia
48%
1 Tra i pochi paesi in buoni rapporti con la Corea del Nord Egitto
43%
1 Tra i pochi paesi in buoni rapporti con la Corea del Nord Venezuela
43%
2 Nel 2003 una nave nordcoreana tentò di contrabbandare eroina in questo paese Australia
38%
1 Tra i pochi paesi in buoni rapporti con la Corea del Nord Bielorussia
38%
1 Nel 2016 la Corea del Nord vinse il mondiale femminile under 17 di calcio in questo paese Giordania
38%
1 Ai mondiali 2010 la Corea del Nord affrontò la nazionale di questo paese Costa d'Avorio
5%
Nessun quiz corrispondente trovato
Distribuzione punteggi
Percentuale di utenti per punteggio
Percentile per numero di risposta
I tuoi punteggi nel tempo
Non hai fatto questo quiz